000 00640nam a22001817a 4500
999 _c14907
_d14907
003 OSt
082 _2664 GAY/DE
088 _aP 376
100 _aGAYATHRI T.P
_aLIVINA V.K
_aRAHUL P.K
_93955
245 _aDevelopment of Harvesting Equipment for Tree Fruits
260 _aTavanur 2017
_bDepartment of Food and Agricultural Processing Engineering
300 _a40
500 _aDevelopment of Harvesting Equipment for Tree Fruits
520 _aDevelopment of Harvesting Equipment for Tree Fruits
700 _aEr. George Mathew (Guide)
_93431
856 _uhttps://drive.google.com/open?id=1g5z50i_J4LvSudQPjbz_XsttcpGKnWD0
942 _cPR